Allgemeinwissen-Quiz #4 - Statistiken

Allgemein
  • Dieses Quiz wurde 200 mal gespielt
  • Das Durchschnittsergebnis liegt bei 11 aus 20
Antwortstatistiken
Frage Antwort % Korrekt
Welcher dieser Herren ist Saddam Hussein?
83%
Wie viele Thesen soll Martin Luther im Jahre 1517 veröffentlicht haben? 95
80%
Bei welchem Spiel handelt es sich um "Kirby's Adventure"?
79%
Welches dieser Fussballclub-Logos ist nicht aus Europa?
78%
Wer umsegelte als erster die Welt? Magellan
72%
Mit welcher Währung zahlt man in Andorra? Euro
69%
Welcher dieser Simpsons-Charaktere trägt den Namen "Apu"?
68%
Welcher dieser Star-Wars-Charaktere gehört der Spezies Mon Calamari an?
66%
Welche dieser Frauen ist Frida Kahlo?
60%
Welcher dieser Harry-Potter-Charaktere gehört dem Haus "Ravenclaw" an?
58%
Welches dieser Tiere ist kein Fisch? Tintenfisch
56%
"Nathan der Weise" enthält die/das berühmte ...? Ringparabel
52%
Welche der folgenden Codezeilen gibt Hello World aus in Python?" print("Hello World")
48%
Welchen Namen gibt Jon Snow seinem Schatten-Wolf aus Game of Thrones? Geist
47%
Bei einem Gewitter entstehen oft Blitze. Wie heiss ist ein Blitz ungefähr in °C? 30'000
46%
Was bedeutet desavouieren? blossstellen
39%
Wie viele Halswirbel hat eine Giraffe? 7
38%
Welcher dieser Schauspieler spielt nicht in dem Film "Inception" mit? Ryan Gosling
38%
Zu welchem Sternbild gehört der Atair/Altair? Adler
35%
Welche der folgenden Aufgaben gehört nicht zu den 12 Aufgaben von Herakles? Töten des Minotauros von Kreta
30%
Keine übereinstimmenden Quizze gefunden
Verteilung der Resultate
Anzahl Personen mit jedem Resultat
Perzentil nach korrekt beantworteten Fragen
Ihre Resultats-Entwicklung
Sie haben dieses Quiz noch nicht gespielt